Lindenau, Katja. Brauen und herrschen. - [Leipzig] : Leipziger Univ.-Verl.. - 2007 [Rezension]
| Titel: | Lindenau, Katja. Brauen und herrschen. - [Leipzig] : Leipziger Univ.-Verl.. - 2007 [Rezension] |
|---|---|
| Verfasser: | |
| In: |
Jahrbuch für Regionalgeschichte, Band 28 (2010), Seite 156-157 alle Artikel anzeigen |
| Veröffentlicht: | 2010 |
| Format: | Aufsatz |
| Sprache: | Deutsch |
X
alg: 39507058
001A $01999:12-11-16
001B $01999:04-08-21 $t21:03:49.000
001D $01999:12-11-16
001U $0utf8
001X $00
002@ $0Aox
003@ $0395070589
007A $0395070589 $aHEB
007T $0Herdc0078521m
010@ $ager
011@ $a2010
021A $aLindenau, Katja. Brauen und herrschen. - {[Leipzig] : Leipziger Univ.-Verl.. - 2007 [Rezension]
028A $aOchs $dHeidrun
031A $d28 $h156-157 $j2010
039B $aIn $8--Abvc--. Jahrbuch für Regionalgeschichte. - Stuttgart : Steiner, 1965-. - ISSN 1860-8248 $x201000000280000844 $9046840451
039T $8--Aau--Lindenau, Katja [Tp3]. Brauen und herrschen. - {[Leipzig] : Leipziger Univ.-Verl., 2007. - 315 S.. - Ill., graph. Darst.. - ISBN 978-3-86583-139-2 $9197252451
045F $a900.94385 $eDDC23BSB
045F/01 $a900
045F/03 $g4385
045T $a8,1
lok: 39507058 78
exp: 39507058 78 1 #EPN
201B/01 $018-11-16 $t13:39:29.000
201U/01 $0utf8
203@/01 $0791369226
208@/01 $a12-11-16 $be
209A/01 $a/ $f000 $x00
220C/01 $aTitelaufnehmer: pg
220C/01 $aHerkunft: HI Marburg
244Z/01 $2Trx $#Silesia $#Śląsk $#Sliezsko $#Slezsko $8--Trx--Schlesien $x01 $9391173987
244Z/01 $2Trx $#arvustused $#recenzijos $#Reviews $#recenziók $#recenzje $#recenzie $#recenze $8--Trx--Rezensionen $x02 $9391357441
247C/01 $82080>Marburg/Lahn, Herder-Institut, Forschungsbibliothek, Bibliographieportal $9336309341
| LEADER | 00000caa a22000002c 4500 | ||
|---|---|---|---|
| 001 | 395070589 | ||
| 003 | DE-603 | ||
| 005 | 20210804210349.0 | ||
| 007 | tu | ||
| 008 | 161112s2010 xx |||| | u00||u|ger c | ||
| 035 | |a (DE-599)HEB395070589 | ||
| 040 | |a DE-603 |b ger |c DE-603 |d DE-603 | ||
| 041 | |a ger | ||
| 082 | 0 | 4 | |8 1\u |a 900.94385 |q DE-101 |2 23/BSB |
| 084 | |a 8,1 |2 ssgn | ||
| 085 | |8 1\u |b 900 | ||
| 085 | |8 1\u |z 2 |s 4385 | ||
| 100 | 1 | |a Ochs, Heidrun | |
| 245 | 0 | 0 | |a Lindenau, Katja. Brauen und herrschen. - [Leipzig] : Leipziger Univ.-Verl.. - 2007 [Rezension] |
| 264 | 0 | |c 2010 | |
| 773 | 0 | 8 | |i In |t Jahrbuch für Regionalgeschichte |d Stuttgart : Steiner, 1965- |x 1860-8248 |g Band 28 (2010), Seite 156-157 |w (DE-603)046840451 |w (DE-600)2629-3 |
| 787 | 0 | 8 | |i Rezension von |a Lindenau, Katja |t Brauen und herrschen |d [Leipzig] : Leipziger Univ.-Verl., 2007 |h 315 S., Ill., graph. Darst. |z 9783865831392 |z 3865831397 |w (DE-603)197252451 |
| 924 | 0 | |9 2080 |a (DE-603)791369226 |b DE-2080 |c HES |d d |g / | |


